000 00335 a2200157 4500
001 154913
040 _cEscola São Tomás de Aquino
100 _aTITO, Francisco Miaragaia Peruzzo
240 1 0 _aQuímica
_lpor
245 1 0 _aQuímica
300 _a760
362 0 _a2007
440 1 _aModerna
697 _aQUÍMICA
942 _cBK
999 _c154913
_d154913